书目信息 |
| 题名: |
花坛与花境
|
|
| 作者: | 徐峰 主编 | |
| 分册: | ||
| 出版信息: | 北京 化学工业出版社 2008 |
|
| 页数: | 214页 | |
| 开本: | 26cm | |
| 丛书名: | ||
| 单 册: | ||
| 中图分类: | S68 , TU986.2 | |
| 科图分类: | ||
| 主题词: | 花卉--观赏园艺 , 园林植物--景观--园林设计 , 园林植物 | |
| 电子资源: | ||
| ISBN: | 978-7-122-02524-1 | |
| 000 | 00855nam0 2200265 45 | |
| 001 | 1130741312 | |
| 005 | 20110310090227.09 | |
| 010 | @a978-7-122-02524-1@b精装@dCNY138.00 | |
| 100 | @a20110123d2008 em y0chiy0120 ea | |
| 101 | 0 | @achi |
| 102 | @aCN@b110000 | |
| 105 | @aa z 000yy | |
| 106 | @ar | |
| 200 | 1 | @a花坛与花境@AHua Tan Yu Hua Jing@f徐峰主编@FXu Feng Zhu Bian |
| 210 | @a北京@c化学工业出版社@d2008 | |
| 215 | @a214页@c彩图@d26cm | |
| 330 | @a本书介绍了其相关的基本概念及设计、施工和养护管理的要点,并结合大量的图片以实例的形式介绍并分析了当代我国各地及国外花坛、花境的形式、特点和风格等。 | |
| 606 | 0 | @a花卉@x观赏园艺 |
| 606 | 0 | @a园林植物@x景观@x园林设计 |
| 606 | 0 | @a园林植物 |
| 690 | @aS68@v4 | |
| 690 | @aTU986.2@v4 | |
| 701 | 0 | @a徐峰@AXu Feng@4主编 |
| 801 | 0 | @aCN@bTANGWEI@c20110310 |
| 905 | @b0531950-51@dS68@e216@f2 | |
| 花坛与花境/徐峰主编.-北京:化学工业出版社,2008 |
| 214页:彩图;26cm |
| ISBN 978-7-122-02524-1(精装):CNY138.00 |
| 本书介绍了其相关的基本概念及设计、施工和养护管理的要点,并结合大量的图片以实例的形式介绍并分析了当代我国各地及国外花坛、花境的形式、特点和风格等。 |
| ● |
| 相关链接 |
|
|
|
|
正题名:花坛与花境
索取号:S68/216
 
预约/预借
| 序号 | 登录号 | 条形码 | 馆藏地/架位号 | 状态 | 备注 |
| 1 | 0531950 | 205319500 | 第二样本阅览室/ [索取号:S68/216] | 在馆 | |
| 2 | 0531951 | 205319519 | 密集书库-生命科学系/ [索取号:S68/216] | 在馆 |